BIBLIOTHÈQUE DE LA MAISON DU MEXIQUE

Logo 1 Logo 2

María de la Candelaria, india natural de Cancuc (notice nᵒ 222)

détails MARC
000 -Sello discográfico
campo de control de longitud fija 00907nam a2200313 4500
005 - Identificación de versión
campo de control 20251107085833.0
010 ## - Número Estándar Internacional de Libros (ISBN)
Número (ISBN) 968-16-3878-6
035 ## - Otros números de control del sistema
Número de control del sistema 19739
099 ## - fechas locales
Tipo de ítem Koha LIBRO
100 ## - Datos de procesamiento general
Datos de procesamiento general 19940906d1993 m y1spay5003 ba
105 ## - Campo de datos codificados: Material textual, monográfico
Datos codificados de monografía y 001zy
200 1# - Título y mención de responsabilidad
Título propio María de la Candelaria, india natural de Cancuc
Designación general del material texto impreso
Primer mención de responsabilidad Juan Pedro Viqueira Albán
205 ## - Declaración de edición
Declaración de edición 1a ed
210 ## - Publicación, distribución, etc.
Lugar de publicación, distribución, etc. México
Nombre del editor, distribuidor, etc. Fondo de Cultura Económica
Fecha de publicación, distribución, etc. 1993
215 ## - Descripción física
Designación de material específico y extensión del ítem 87 p
Otras características físicas map.
Dimensiones 17 cm
345 ## - Nota de información de adquisición
Fuente de adquisición/dirección de la suscripción [OBSOLETO] Compra
410 #1 - Series
Título Colección Popular
Número de volumen 478
600 ## - Nombre personal usado como materia
Elemento de entrada María de la Candelaria
Número Koha 730
606 ## - Término temático usado como materia
Elemento de entrada Tzeltales (Indios)
Número Koha 731
660 ## - Código de área geográfica
Código MX
700 ## - Nombre personal - Responsabilidad primaria
Elemento de entrada Viqueira Albán
Parte del nombre distinta del elemento de entrada Juan Pedro
Fechas 1954-2025
Número Koha 732
801 #0 - Fuente de origen
Agencia cm
900 ## -
-- 1/10660
900 ## -
-- 7109420\\\\060994
942 ## - ELEMENTOS DE ENTRADA SECUNDARIOS (KOHA)
Tipo de ítem Koha Livre
996 ## -
-- MEX
-- 751145101
-- MMAG
-- 005413
-- 082.97 C882 V.478
-- 20211022LIV
Exemplaires
Estatus retirado Estado de daño Estado de pérdida Fecha de adquisición Biblioteca de origen Biblioteca actual Ubicación en estantería Código de barras Precio de reemplazo Signatura topográfica completa No para préstamo Tipo de ítem Koha Nota pública Nota no pública
      05/08/2025 Casa México Paris Casa México Paris   005413 05/08/2025 082.97 C882 V.478   Livre 20211022LIV 751145101